|
|
|
|
| LEADER |
00000nab#a22000007a#4500 |
| 001 |
arbauad041523 |
| 003 |
AR-BaUAD |
| 005 |
20250711113238.0 |
| 008 |
991116|||||||||###||||||b###|0###a|spa|| |
| 040 |
|
|
|a AR-BaUAD
|c AR-BaUAD
|b spa
|
| 100 |
|
|
|a Kesner, Ladislav
|
| 245 |
|
|
|a Gilbert Albert, ou le bonheur de créer /
|c Ladislav Kesner;
|
| 300 |
0 |
|
|b fot. col
|
| 500 |
|
|
|a Gilber Albert, joyero suizo.
|
| 653 |
|
|
|a CHECOSLOVAQUIA
|
| 653 |
|
|
|a PRAGA
|
| 653 |
|
|
|a EXPOSICIONES
|
| 653 |
|
|
|a JOYAS
|
| 653 |
|
|
|a PIEDRAS PRECIOSAS
|
| 653 |
|
|
|a MARCAS
|
| 653 |
|
|
|a DISEÑADORES DE INDUMENTARIA
|
| 653 |
|
|
|a SUIZA
|
| 653 |
|
|
|a GILBERT ALBERT
|
| 653 |
|
|
|a ACCESORIOS
|
| 653 |
|
|
|a INDUMENTARIA FEMENINA
|
| 653 |
|
|
|a DISEÑO INDUSTRIAL
|
| 653 |
|
|
|a MARCA
|
| 653 |
|
|
|a ORFEBRERIA
|
| 653 |
|
|
|a ORFEBRES
|
| 653 |
|
|
|a DISEÑO DE INDUMENTARIA
|
| 773 |
0 |
|
|t L'OEIL
|g no. 474 [sep. 1995], p. 88-91
|
| 942 |
|
|
|c ARTI
|
| 952 |
|
|
|0 0
|1 0
|4 0
|7 0
|9 86442
|a AR-BAuAD
|b AR-BAuAD
|d 2025-07-11
|l 0
|p AAQA041523
|r 2025-07-11 11:32:38
|w 2025-07-11
|y ARTI
|
| 990 |
|
|
|a DT199
|b TD
|
| 990 |
|
|
|a A199
|b TD
|
| 990 |
|
|
|a DI199
|b TD
|
| 998 |
|
|
|a AAQ
|b BIBUN76
|
| 999 |
|
|
|c 66115
|d 66115
|